000 00291nam a22001097a 4500
008 170124b xxu||||| |||| 00| 0 eng d
020 _a9781581100433
041 _aeng
080 _a618.2
245 _aCHILDHOOD EMERGENCIES IN THE OFFICE, HOSPITAL AND COMMUNITY
_cSEIDEL, J.S
942 _2udc
_cBK
999 _c3498
_d3498